Καλλιέργεια φιλαναγνωσίας σε μια πέμπτη τάξη δημοτικού σχολείου : διπλωματική εργασία [μεταπτυχιακή εργασία]

Αποθηκεύτηκε σε:
Λεπτομέρειες βιβλιογραφικής εγγραφής
Κύριος συγγραφέας: Καριωτάκη, Μαρία
Συγγραφή απο Οργανισμό/Αρχή: Πανεπιστήμιο Αιγαίου Σχολή Ανθρωπιστικών Επιστημών Τμήμα Επιστημών της Προσχολικής Αγωγής και του Εκπαιδευτικού Σχεδιασμού Μεταπτυχιακό Πρόγραμμα Σπουδών Παιδικό Βιβλίο και Παιδαγωγικό Υλικό
Άλλοι συγγραφείς: Παπαδάτος, Γιάννης Σ. (Εισηγητής διατριβής)
Μορφή: Thesis Βιβλίο
Γλώσσα:Greek
Δημοσίευση: 2014
Θέματα:
Διαθέσιμο Online:http://hdl.handle.net/11610/13789
Ετικέτες: Προσθήκη ετικέτας
Δεν υπάρχουν, Καταχωρήστε ετικέτα πρώτοι!

MARC

LEADER 00000cam a2200000 i 4500
001 1/58122
008 141015s2014 gre d
035 |l 10119470 
040 |a GR-MY-UA  |b gre  |e aacr 
041 0 |a gre 
082 0 |a 808.068  |2 (22) 
100 1 |a Καριωτάκη, Μαρία. 
245 1 0 |a Καλλιέργεια φιλαναγνωσίας σε μια πέμπτη τάξη δημοτικού σχολείου :  |b διπλωματική εργασία [μεταπτυχιακή εργασία] /  |c Καριωτάκη Μαρία ; επιβλέπων: Παπαδάτος Ιωάννης 
260 |c 2014 
300 |a 197 σ.;  |b πίν., φωτ.;  |c 30 εκ. 
500 |a Μέλη εξεταστικής επιτροπής: Αναστάσιος Κοντάκος, Ιωάννης Παπαδόπουλος 
502 |a Διατριβή (μεταπτυχιακή) – Πανεπιστήμιο Αιγαίου, Ρόδος, 2014. 
504 |a Βιβλιογραφία: σ. 153-158 
650 0 0 |a Children's literature  |x Study and teaching (Elementary) 
650 0 0 |a Reading. 
650 0 0 |a Children  |x Books and reading  |z Greece. 
650 0 0 |a Children's literature  |x History and criticism. 
650 0 0 |a Dissertations, Academic  |z Greece. 
700 1 |a Παπαδάτος, Γιάννης Σ.  |4 ths 
710 1 |a Πανεπιστήμιο Αιγαίου   |b Σχολή Ανθρωπιστικών Επιστημών   |b Τμήμα Επιστημών της Προσχολικής Αγωγής και του Εκπαιδευτικού Σχεδιασμού   |b Μεταπτυχιακό Πρόγραμμα Σπουδών Παιδικό Βιβλίο και Παιδαγωγικό Υλικό. 
852 |a INST  |b RHODES  |c DIATR  |e 20141015  |h 808.068 ΚΑΡ  |p 005400037074  |q 005400037074  |t MTXE  |y 23 
852 |a INST  |b RHODES  |c DIATR  |e 20141015  |h 808.068 ΚΑΡ  |p 005400037075  |q 005400037075  |t MTXE  |y 23 
856 |u http://hdl.handle.net/11610/13789 
901 |a BIBL4-2014-3 
909 |a Ρ  |b 183399 
909 |a Ρ  |b 183400 
924 |a ΚΑΡΙΩΤΑΚΗ  |b ΜΑΡΙΑ  |y ΡΟΔΟΣ  |z 2014-07 
970 |z 2014/10/15